000 nam a22 7a 4500
999 _c7614
_d7614
008 170922b xxu||||| |||| 00| 0 eng d
100 _94118
_aROLWLING .J.K
245 _aBEEDLETHE BARD
260 _aLONDAN
_bBLOOMSBURY
_c2017